00471nam a2200193 a 4500001001300000003000900013005001700022008004100039020001200080082001300092100002000105245002500125260004000150300000900190500003500199505001000234650001300244700002000257nice12345678IN_TiNIC20260116012630.0050524s1976 glaa grp 000 0 eng  ac268.600a200bGRI aGriffiths, Bede aReturn to the Centre aGlasgowbWilliam Collins Sonsc1976 a146p aincludes index and biblioraphy2 aNotes aReligion1 aGriffiths, Bede